A Scottish farm-based greenhouse gas accounting tool (Record no. 111383)
[ view plain ]
| 000 -LEADER | |
|---|---|
| fixed length control field | 01033cad a22002295a 4500 |
| 001 - CONTROL NUMBER | |
| control field | E151460 |
| 008 - FIXED-LENGTH DATA ELEMENTS--GENERAL INFORMATION | |
| fixed length control field | 101108s2010 xxk f s000 0 eng d |
| 020 ## - INTERNATIONAL STANDARD BOOK NUMBER | |
| International Standard Book Number | 9780755997282 |
| 035 ## - SYSTEM CONTROL NUMBER | |
| System control number | (Sirsi) u151460 |
| 041 0# - LANGUAGE CODE | |
| Language code of text/sound track or separate title | eng |
| 110 2# - MAIN ENTRY--CORPORATE NAME | |
| Corporate name or jurisdiction name as entry element | Laurence Gould Partnership |
| 9 (RLIN) | 5889 |
| 245 02 - TITLE STATEMENT | |
| Title | A Scottish farm-based greenhouse gas accounting tool |
| Remainder of title | a review of existing tools and recommendations for improved emissions accounting and reporting within agriculture and horticulture |
| Medium | [electronic resource] |
| 260 ## - PUBLICATION, DISTRIBUTION, ETC. | |
| Place of publication, distribution, etc. | Edinburgh |
| Name of publisher, distributor, etc. | Scottish Government |
| Date of publication, distribution, etc. | 2010 |
| 520 ## - SUMMARY, ETC. | |
| Summary, etc. | Sets out the best greenhouse gas accounting tool which Scottish farmers can use to target climate change mitigation actions. |
| 521 ## - TARGET AUDIENCE NOTE | |
| Target audience note | Advanced |
| 590 ## - LOCAL NOTE (RLIN) | |
| Local note | KA |
| 651 #4 - SUBJECT ADDED ENTRY--GEOGRAPHIC NAME | |
| Geographic name | Scotland |
| Chronological subdivision | 1999- |
| 690 ## - LOCAL SUBJECT ADDED ENTRY--TOPICAL TERM (OCLC, RLIN) | |
| Topical term or geographic name as entry element | ENVIRONMENTAL AND LAND CONSULTANCY-ENERGY-ENERGY USE-ENERGY EFFICIENCY |
| 710 1# - ADDED ENTRY--CORPORATE NAME | |
| Corporate name or jurisdiction name as entry element | Best Foot Forward |
| 856 40 - ELECTRONIC LOCATION AND ACCESS | |
| Uniform Resource Identifier | <a href="https://www.scotland.gov.uk/Publications/2010/10/28083913/0">https://www.scotland.gov.uk/Publications/2010/10/28083913/0</a> |
| Public note | View the publication free of charge at www.scotland.gov.uk... |
| 942 ## - ADDED ENTRY ELEMENTS (KOHA) | |
| Suppress in OPAC | 0 |
| Withdrawn status | Lost status | Source of classification or shelving scheme | Damaged status | Not for loan | Home library | Current library | Shelving location | Date acquired | Total Checkouts | Full call number | Barcode | Date last seen | Copy number | Price effective from | Koha item type |
|---|---|---|---|---|---|---|---|---|---|---|---|---|---|---|---|
| Dewey Decimal Classification | Virtual | Virtual | Online | 08/11/2010 | ONLINE PUBLICATION | 151460-2001 | 06/08/2019 | 1 | 06/08/2019 | Book |